Montaje, ajuste, verificación de elementos de máquinas / (Registro nro. 140077)

Detalles MARC
000 -LEADER
campo de control de longitud fija 00570nam a2200181 4500
001 - NÚMERO DE CONTROL
campo de control 140077
003 - IDENTIFICADOR DE NÚMERO DE CONTROL
campo de control ES-MaACL
005 - FECHA Y HORA DE LA ÚLTIMA TRANSACCIÓN
campo de control 20230906200011.0
007 - CAMPO FIJO DE DESCRIPCIÓN FÍSICA--INFORMACIÓN GENERAL
campo de control de longitud fija t|
008 - DATOS DE LONGITUD FIJA--INFORMACIÓN GENERAL
campo de control de longitud fija 070214s1965 sp r ||||1| spa d
100 1# - ENTRADA PRINCIPAL--NOMBRE DE PERSONA
Nombre de persona Schroeck, Joseph.
9 (RLIN) 104716
245 10 - MENCIÓN DEL TÍTULO
Título Montaje, ajuste, verificación de elementos de máquinas /
Mención de responsabilidad, etc. Joseph Schroeck ; versión de Carlos Saenz de Magarola.
260 ## - PUBLICACIÓN, DISTRIBUCIÓN, ETC.
Lugar de publicación, distribución, etc. Barcelona :
Nombre del editor, distribuidor, etc. Rverte,
Fecha de publicación, distribución, etc. 1965.
300 ## - DESCRIPCIÓN FÍSICA
Extensión 309 p. ;
Dimensiones 23 cm.
700 1# - ENTRADA AGREGADA--NOMBRE PERSONAL
Nombre de persona Saenz de Magarola, Carlos.
9 (RLIN) 187177
852 ## - LOCALIZACIÓN
Ubicación ES-MaACL
Número de control de estantería C-29057
Sublocalización o colección R.59488
Existencias
Estatus retirado Estado de pérdida Estado de daño No para préstamo Biblioteca de origen Biblioteca actual Ubicación en estantería Fecha de adquisición Fuente de adquisición Total de préstamos Signatura topográfica completa Código de barras Visto por última vez Precio de reemplazo Tipo de ítem Koha
        Biblioteca del Ateneo de Madrid Biblioteca del Ateneo de Madrid Depósito 2 17/01/2008     C-29057 1145769 23/02/2023 23/02/2023 Libro impreso